• 首页
  • 本馆介绍
  • 公告通知
  • 最新文献
  • 馆藏检索
  • 电子资源
  • 读者导购
  • 参考咨询
  • 我的图书馆
  • 登录
  • 详细信息显示
  • 放入我的书架
  • 预约/预借图书
  • 作者相关作品
  • 分类相关作品
  • 丛书相关作品
  • 出版社相关作品

书目信息

  • 表格格式
  • 工作单格式
  • 卡片格式
题名:
家庭承包制视角下农户合作金融制度研究
    
 
作者: 范迪军 著
分册:  
出版信息: 北京   中国财政经济出版社  2011
页数: 360页
开本: 25cm
丛书名:
单 册:
中图分类: F832.35
科图分类:
主题词: 农户--合作金融--金融制度--研究--中国 , 农户 , 合作金融 , 金融制度
电子资源:
ISBN: 978-7-5095-2772-6
000 01326nam0 22002891 450
001 524
005 20140909165031.57
010    @a978-7-5095-2772-6@dCNY48.00
100    @a20120828d2011 em y0chiy50 ea
101 0  @achi@deng
102    @aCN@b110000
105    @ay z 000yy
106    @ar
200 1  @a家庭承包制视角下农户合作金融制度研究@AJia Ting Cheng Bao Zhi Shi Jiao Xia Nong Hu He Zuo Jin Rong Zhi Du Yan Jiu@dOn farmers' financial cooperative system from the perspective of household contract responsibility system@f范迪军著@FFan Di Jun Zhu@zeng
210    @a北京@c中国财政经济出版社@d2011
215    @a360页@d25cm
300    @a安徽省哲学社会基金项目
330    @a本书主要以制度经济学的激励相容机制理论和交易成本理论为基础,从农户金融需求和供给两方面分析入手,通过绩效分析和博弈分析,并结合国外农村合作金融制度的经验和凤阳县案例研究,证明了农户合作金融制度下的产物——农户资金互助社和农户资金互助社联合会的有效性。
510 1  @aOn farmers' financial cooperative system from the perspective of household contract responsibility system@zeng
606 0  @a农户@x合作金融@x金融制度@x研究@y中国
606 0  @a农户
606 0  @a合作金融
606 0  @a金融制度
690    @aF832.35@v5
701  0 @a范迪军@AFan Di Jun@g(管理学)@4著
801  0 @aCN@bTANGWEI@c20140603
905    @b0837264-66@dF832.35@e101@f3
    
    家庭承包制视角下农户合作金融制度研究=On farmers' financial cooperative system from the perspective of household contract responsibility system/范迪军著.-北京:中国财政经济出版社,2011
    360页;25cm
    安徽省哲学社会基金项目
    
    ISBN 978-7-5095-2772-6:CNY48.00
    本书主要以制度经济学的激励相容机制理论和交易成本理论为基础,从农户金融需求和供给两方面分析入手,通过绩效分析和博弈分析,并结合国外农村合作金融制度的经验和凤阳县案例研究,证明了农户合作金融制度下的产物——农户资金互助社和农户资金互助社联合会的有效性。
●
相关链接 在E读中查询图书 在五车中查询图书 在当当中查询图书 在豆瓣中查询图书


正题名:家庭承包制视角下农户合作金融制度研究     索取号:F832.35/101         预约/预借

序号 登录号 条形码 馆藏地/架位号 状态 备注
1 0837264   208372642   第一样本阅览室/ [索取号:F832.35/101] 在馆    
2 0837265   208372651   第一借阅区/ [索取号:F832.35/101] 在馆    
3 0837266   208372660   密集书库-海洋学院/ [索取号:F832.35/101] 在馆    
唐山师范学院图书馆 欢迎您!
大连网信软件有限公司© 版权所有